[Event "Michigan Action"]
[Site "Detroit, MI"]
[Date "1997.12.14"]
[Round "3"]
[White "Finegold, Ben"]
[Black "Williams, Ron"]
[Result "1-0"]
[WhiteElo "2600"]
[BlackElo "1870"]
[PlyCount "79"]
[EventDate "1997.12.14"]

1. d4 Nf6 2. c4 Nc6 3. Nf3 e6 4. a3 Be7 5. d5 exd5 6. cxd5 Nb8 7. Nc3 d6 8. e4
Nbd7 9. Bd3 O-O 10. O-O Re8 11. b4 a6 12. Bb2 Ne5 13. Nxe5 dxe5 14. Rc1 Bd6 15.
Rc2 Bg4 16. f3 Bh5 17. Ne2 Bg6 18. Ng3 Qd7 19. Qd2 Nh5 20. Nxh5 Bxh5 21. Qf2
Bg6 22. g4 Qe7 23. Kh1 f6 24. Rfc1 Rec8 25. Bf1 Bf7 26. Rc3 g5 27. R1c2 Kg7 28.
Bc1 h5 29. gxh5 Rh8 30. Be3 Rxh5 31. Bc5 Rah8 32. Bxd6 Qxd6 33. Rxc7 Rxh2+ 34.
Qxh2 Rxh2+ 35. Kxh2 Qb6 36. R2c5 Kg6 37. Bh3 Bg8 38. Bf5+ Kh6 39. Kg3 a5 40.
Rc1 1-0

[Event "Michigan Action"]
[Site "Detroit, MI"]
[Date "1997.12.14"]
[Round "5"]
[White "Finegold, Ben"]
[Black "Thompson, Dexter"]
[Result "1-0"]
[WhiteElo "2600"]
[BlackElo "2205"]
[PlyCount "75"]
[EventDate "1997.12.14"]

1. Nc3 e5 2. Nf3 Nc6 3. d4 exd4 4. Nxd4 Bc5 5. Nb3 Bb6 6. Nd5 d6 7. g3 Nf6 8.
Nxb6 axb6 9. Bg2 O-O 10. O-O Bf5 11. c4 Qc8 12. Bg5 Ne4 13. Bf4 Re8 14. Nd4
Nxd4 15. Qxd4 Nc5 16. Rfe1 Ne6 17. Qd2 Nxf4 18. Qxf4 Bh3 19. Bf3 Re6 20. a3 Rf6
21. Qe4 c6 22. Rad1 Bf5 23. Qe3 b5 24. cxb5 d5 25. Rc1 Qd7 26. Qd4 Re8 27. bxc6
bxc6 28. Red1 Be6 29. b4 Rh6 30. Rc3 Bf5 31. e4 Bg4 32. h4 Bxf3 33. Rxf3 Rd6
34. e5 Rde6 35. Re3 f6 36. exf6 Rxe3 37. fxe3 Re4 38. Qxe4 1-0

[Event "Michigan Action"]
[Site "Detroit, MI"]
[Date "1997.12.14"]
[Round "1"]
[White "Finegold, Ben"]
[Black "Berry, DeMarcus"]
[Result "1-0"]
[WhiteElo "2600"]
[BlackElo "1605"]
[PlyCount "51"]
[EventDate "1997.12.14"]

1. d4 Nf6 2. Bg5 e6 3. e4 h6 4. Bxf6 Qxf6 5. Nf3 Nc6 6. c3 Qd8 7. d5 exd5 8.
exd5 Qe7+ 9. Be2 Ne5 10. O-O d6 11. Re1 Bd7 12. Nd4 Qg5 13. g3 Qf6 14. f4 Ng6
15. Bb5+ Ne7 16. Qa4 Bxb5 17. Qxb5+ Kd8 18. Qxb7 Rc8 19. Na3 g6 20. Nab5 Bg7
21. Nxa7 Kd7 22. Qb5+ Kd8 23. Ndc6+ Nxc6 24. Nxc6+ Kd7 25. Nb8+ Kd8 26. Qd7#
1-0

[Event "Michigan Action"]
[Site "Detroit, MI"]
[Date "1997.12.14"]
[Round "6"]
[White "Councell, Keith"]
[Black "Smith, Tyrnn"]
[Result "1-0"]
[WhiteElo "1605"]
[BlackElo "1605"]
[PlyCount "76"]
[EventDate "1997.12.14"]

1. e4 e5 2. Nf3 Nc6 3. Bb5 a6 4. Bxc6 dxc6 5. Nxe5 Bd7 6. Qf3 Nf6 7. d3 Bd6 8.
Nxd7 Qxd7 9. Qe3 Ng4 10. Qg5 g6 11. h3 Ne5 12. b3 O-O 13. d4 f6 14. Qd2 Nf7 15.
f4 f5 16. e5 Qe7 17. O-O Bb4 18. c3 Ba5 19. Ba3 Nd6 20. exd6 cxd6 21. Re1 Qh4
22. Bxd6 Rf7 23. b4 Bd8 24. Re8+ Kg7 25. Be5+ Bf6 26. Rxa8 Bxe5 27. fxe5 f4 28.
Qf2 Qh5 29. Re8 f3 30. e6 Rf6 31. Nd2 fxg2 32. Qxg2 Rf5 33. Re1 Rg5 34. e7
Rxg2+ 35. Kxg2 Qg5+ 36. Kh1 Qxd2 37. Rg8+ Kxg8 38. e8=Q+ Kg7 {[Remainder
illegible]} 1-0

[Event "Michigan Action"]
[Site "Detroit, MI"]
[Date "1997.12.14"]
[Round "3"]
[White "Councell, Keith"]
[Black "Powell, Antione"]
[Result "1-0"]
[WhiteElo "1605"]
[BlackElo "1605"]
[PlyCount "29"]
[EventDate "1997.12.14"]

1. e4 g6 2. d4 e6 3. b3 d6 4. Bb2 a6 5. d5 c6 6. Bxh8 exd5 7. exd5 Qe7+ 8. Be2
f6 9. dxc6 Nxc6 10. Nf3 Bf5 11. O-O Nb4 12. Bd3 O-O-O 13. Bxf5+ gxf5 14. Qd2 d5
15. Qc3+ {[Remainder illegible]} 1-0

[Event "Michigan Action"]
[Site "Detroit, MI"]
[Date "1997.12.14"]
[Round "1"]
[White "Councell, Keith"]
[Black "Brown, Stephen"]
[Result "0-1"]
[WhiteElo "1605"]
[BlackElo "1605"]
[PlyCount "56"]
[EventDate "1997.12.14"]

1. e4 c5 2. Nf3 Nc6 3. d4 cxd4 4. Nxd4 Nf6 5. Nc3 a6 6. Bd3 Nxd4 7. e5 Ng8 8.
O-O Nc6 9. Re1 d6 10. Be4 Nxe5 11. Bf4 Nf6 12. Bxe5 Nxe4 13. Rxe4 dxe5 14.
Qxd8+ Kxd8 15. Rxe5 e6 16. Ne4 f6 17. Rd1+ Kc7 18. Rh5 e5 19. Rh3 Bxh3 20. gxh3
Rd8 21. Rc1 Rd4 22. f3 f5 23. Ng3 Bc5 24. Kf1 Rhd8 25. Ke1 g6 26. Ne2 Rh4 27.
c3 Rxh3 28. b4 Be3 0-1

[Event "Michigan Action"]
[Site "Detroit, MI"]
[Date "1997.12.14"]
[Round "1"]
[White "Chrzan, Bryan"]
[Black "Moody, David"]
[Result "1-0"]
[WhiteElo "1605"]
[BlackElo "2005"]
[PlyCount "85"]
[EventDate "1997.12.14"]

1. e4 e5 2. Nf3 Nc6 3. Nc3 Nf6 4. Bb5 Bb4 5. d3 d6 6. Bxc6+ bxc6 7. Bd2 O-O 8.
O-O Bg4 9. h3 Bh5 10. a3 Bxc3 11. Bxc3 Qd7 12. Re1 h6 13. d4 Qe6 14. Qd3 exd4
15. Nxd4 Qd7 16. Nf5 Kh7 17. e5 dxe5 18. Bxe5 Qxd3 19. cxd3 Bg6 20. Ne7 Bxd3
21. Bxc7 Nd5 22. Bd6 Nxe7 23. Rxe7 Kg6 24. Rxa7 Rxa7 25. Bxf8 Rb7 26. Rc1 Be4
27. f3 Bd5 28. Rc2 Rb8 29. Bd6 Rd8 30. Bc5 Rb8 31. a4 Ra8 32. Rc3 Rxa4 33. Ra3
Rc4 34. Be7 Rc1+ 35. Kf2 Rc2+ 36. Kg3 Rxb2 37. h4 h5 38. Ra8 f6 39. Bf8 Rb7 40.
Kf4 Kf7 41. Kf5 Rb4 42. Bxb4 c5 43. Ra7+ 1-0

[Event "Michigan Action"]
[Site "Detroit, MI"]
[Date "1997.12.14"]
[Round "6"]
[White "Chrzan, Bryan"]
[Black "Mahaffy, Mike"]
[Result "0-1"]
[WhiteElo "1605"]
[BlackElo "1605"]
[PlyCount "30"]
[EventDate "1997.12.14"]

1. e4 c5 2. Nf3 b6 3. Nc3 g6 4. d3 Bg7 5. Bd2 Bb7 6. g3 d6 7. Bg2 Nd7 8. O-O
Ngf6 9. Re1 O-O 10. e5 dxe5 11. Nxe5 Bxg2 12. Nxd7 Nxd7 13. Kxg2 Re8 14. Nb5
Qc8 15. Bf4 Qc6+ 0-1

[Event "Michigan Action"]
[Site "Detroit, MI"]
[Date "1997.12.14"]
[Round "2"]
[White "Chrzan, Bryan"]
[Black "Gentry, Loyd"]
[Result "0-1"]
[WhiteElo "1605"]
[BlackElo "1760"]
[PlyCount "91"]
[EventDate "1997.12.14"]

1. e4 e5 2. Nf3 Nc6 3. Nc3 d6 4. h3 Be6 5. Bb5 Be7 6. Bxc6+ bxc6 7. d4 exd4 8.
Nxd4 Bd7 9. O-O Nf6 10. Nf3 h6 11. Bf4 Qc8 12. Kh2 Nh5 13. Be3 O-O 14. Qd2 Kh7
15. e5 dxe5 16. Nxe5 Bd6 17. f4 Nf6 18. Nxd7 Qxd7 19. Kg1 Rfe8 20. Qd3+ Kg8 21.
Rae1 Re7 22. Re2 Rae8 23. Bxa7 Rxe2 24. Nxe2 c5 25. Qc4 Qe7 26. Kf2 Qe3+ 27.
Ke1 Ne4 28. Qd3 Qxd3 29. cxd3 Ng3 30. Rf2 Nxe2 31. Rxe2 Ra8 32. Bxc5 Bxc5 33.
b3 Bd6 34. g3 g5 35. Rg2 Kf8 36. fxg5 hxg5 37. g4 Re8+ 38. Kd2 Bb4+ 39. Kc2 Re3
40. Rh2 Ke7 41. a4 Kd6 42. Rf2 Ke6 43. Rf5 f6 44. a5 Rxh3 45. a6 Rh8 46. a7 0-1

[Event "Michigan Action"]
[Site "Detroit, MI"]
[Date "1997.12.14"]
[Round "5"]
[White "Chrzan, Anthony"]
[Black "Mailing, Don"]
[Result "1-0"]
[WhiteElo "1605"]
[BlackElo "1605"]
[PlyCount "111"]
[EventDate "1997.12.14"]

1. e4 e6 2. d4 d5 3. e5 c5 4. c3 Nc6 5. Nf3 cxd4 6. Nxd4 Nxe5 7. Bf4 Ng6 8. Bg3
Nf6 9. Nb5 e5 10. Bd3 a6 11. N5a3 Bd6 12. Bxg6 fxg6 13. Bh4 O-O 14. O-O Qb6 15.
b4 e4 16. Bxf6 Rxf6 17. Qxd5+ Re6 18. Nc2 Kh8 19. Nd4 Rf6 20. Nd2 Bd7 21. Nxe4
Be6 22. Nxe6 Rxe6 23. Nxd6 Rxd6 24. Qf7 Rad8 25. Rfe1 h6 26. h3 Rf6 27. Re8+
Rxe8 28. Qxe8+ Kh7 29. Rf1 Re6 30. Qf8 Qc6 31. Qf3 Qxf3 32. gxf3 Re2 33. a4 Rc2
34. Kg2 Rxc3 35. Rb1 b5 36. a5 Rc4 37. Kg3 g5 38. Rb3 h5 39. Rb2 g6 40. Rd2
Rxb4 41. Rd6 Rb1 42. Rxa6 b4 43. Rb6 b3 44. a6 b2 45. Kg2 Ra1 46. Rxb2 Rxa6 47.
Rb5 Kh6 48. Rb4 Rf6 49. Kg3 Rd6 50. h4 gxh4+ 51. Rxh4 Rd1 52. Rh2 Kg5 53. f4+
Kh6 54. f3 Rg1+ 55. Rg2 Rxg2+ 56. Kxg2 1-0

[Event "Michigan Action"]
[Site "Detroit, MI"]
[Date "1997.12.14"]
[Round "2"]
[White "Chrzan, Anthony"]
[Black "Finegold, Spencer"]
[Result "1-0"]
[WhiteElo "1605"]
[BlackElo "1605"]
[PlyCount "73"]
[EventDate "1997.12.14"]

1. e4 e5 2. Nf3 Nf6 3. d3 Bd6 4. Nc3 O-O 5. Bg5 Be7 6. Nxe5 d6 7. Nf3 Bg4 8. h3
Bxf3 9. Qxf3 Nc6 10. Bxf6 Bxf6 11. Be2 Nd4 12. Qg3 Nxc2+ 13. Kd2 Nxa1 14. Rxa1
Be5 15. f4 Bxc3+ 16. bxc3 d5 17. Bf3 dxe4 18. Bxe4 g6 19. h4 Re8 20. Bf3 c6 21.
h5 Qd7 22. Bg4 Qd6 23. hxg6 fxg6 24. Rh1 Rad8 25. Rh3 Qd5 26. c4 Qd4 27. f5 Rd6
28. fxg6 hxg6 29. Bh5 Red8 30. Bxg6 Qb2+ 31. Ke1 Qxa2 32. d4 Re6+ 33. Kf1 Qe2+
34. Kg1 Qd1+ 35. Kh2 Re1 36. Bh5+ Kh8 37. Bxd1# 1-0

[Event "Michigan Action"]
[Site "Detroit, MI"]
[Date "1997.12.14"]
[Round "2"]
[White "Choate, Eric"]
[Black "Sims, Chris"]
[Result "1-0"]
[WhiteElo "1605"]
[BlackElo "1605"]
[PlyCount "51"]
[EventDate "1997.12.14"]

1. e4 e5 2. Nf3 Nc6 3. Bc4 Nf6 4. Nc3 Be7 5. d3 O-O 6. O-O d6 7. h3 Bd7 8. b3
Na5 9. Bb2 Qc8 10. d4 Nxc4 11. bxc4 exd4 12. Nxd4 Re8 13. Qf3 c5 14. Nf5 Nxe4
15. Nxe4 Bxf5 16. Ng3 Bg6 17. Rfe1 Bg5 18. Ne4 Bh6 19. Nxd6 Rxe1+ 20. Rxe1 Qd7
21. Nxb7 Re8 22. Rxe8+ Qxe8 23. Nd6 Qb8 24. Nf5 Bxf5 25. Qxf5 f6 26. Qd5+ {
[Remainder unavaiable]} 1-0

[Event "Michigan Action"]
[Site "Detroit, MI"]
[Date "1997.12.14"]
[Round "4"]
[White "Brown, Stephen"]
[Black "Gillom, Donte"]
[Result "1-0"]
[WhiteElo "1605"]
[BlackElo "1605"]
[PlyCount "50"]
[EventDate "1997.12.14"]

1. e4 e5 2. f4 d6 3. Nf3 Nf6 4. Bc4 Be7 5. O-O Nc6 6. Nc3 O-O 7. fxe5 Nxe5 8.
Nxe5 dxe5 9. h3 c6 10. d3 Bb4 11. Bg5 Be7 12. Nb1 Qd4+ 13. Kh1 Qxb2 14. Nd2 Qd4
15. Nf3 Qd6 16. d4 exd4 17. e5 Qd8 18. exf6 Bxf6 19. Bxf6 Qxf6 20. Qxd4 Qxd4
21. Nxd4 b5 22. Bb3 Bb7 23. Rfe1 Rad8 24. Nf5 Rd7 25. Ne7+ Kh8 {[Remainder
illegible]} 1-0

[Event "Michigan Action"]
[Site "Detroit, MI"]
[Date "1997.12.14"]
[Round "1"]
[White "Brown, Stephen"]
[Black "Finegold, Ron"]
[Result "0-1"]
[WhiteElo "1605"]
[BlackElo "2140"]
[PlyCount "55"]
[EventDate "1997.12.14"]

1. e4 Nc6 2. Nc3 e5 3. f4 Bc5 4. Nf3 d6 5. Na4 Bb6 6. Bb5 Bg4 7. Nxb6 axb6 8.
f5 Nf6 9. d3 d5 10. h3 Bxf3 11. gxf3 Nh5 12. h4 Qd6 13. Be3 Qb4+ 14. Bd2 Qxb5
15. f4 Nxf4 16. Bxf4 exf4 17. c4 dxc4 18. dxc4 Qxc4 19. b3 Qxe4+ 20. Kf2 Qe3+
21. Kg2 Qg3+ 22. Kf1 O-O 23. Rg1 Qh3+ 24. Kf2 Rad8 25. Rxg7+ Kxg7 26. Qg1+ Qg3+
27. Qxg3+ fxg3+ 28. Kxg3 0-1

[Event "Michigan Action"]
[Site "Detroit, MI"]
[Date "1997.12.14"]
[Round "4"]
[White "Boyle, John"]
[Black "Skidmore, Mike"]
[Result "0-1"]
[WhiteElo "1605"]
[BlackElo "1930"]
[PlyCount "56"]
[EventDate "1997.12.14"]

1. d4 c6 2. Bg5 d5 3. e3 Nd7 4. c4 dxc4 5. Bxc4 Qa5+ 6. Nc3 Qxg5 7. Nf3 Qh5 8.
O-O Ngf6 9. d5 Nb6 10. dxc6 bxc6 11. Be2 e6 12. Nd4 Qc5 13. Rc1 Bb7 14. Ncb5
cxb5 15. Rxc5 Bxc5 16. Nxb5 O-O 17. Qb3 Bd5 18. Qc3 Ne4 19. Qe5 a6 20. Nc3 f6
21. Qh5 g6 22. Qh4 Nxc3 23. bxc3 Bxa2 24. Ra1 Bd5 25. c4 Bc6 26. Qf4 e5 27. Qg4
Kg7 28. Qe6 Bd7 0-1

[Event "Michigan Action"]
[Site "Detroit, MI"]
[Date "1997.12.14"]
[Round "6"]
[White "Boyle, John"]
[Black "Goerke, Daniel"]
[Result "1-0"]
[WhiteElo "1605"]
[BlackElo "1605"]
[PlyCount "59"]
[EventDate "1997.12.14"]

1. d4 Nc6 2. Bg5 f6 3. Bh4 e6 4. e3 Be7 5. c4 Nh6 6. Bd3 O-O 7. Nc3 b6 8. Nge2
d6 9. Be4 Bb7 10. d5 exd5 11. Nxd5 Na5 12. b4 c6 13. Nxe7+ Qxe7 14. Bd3 Nxc4
15. Bxc4+ d5 16. Bb3 Qe4 17. Qd4 Qxg2 18. O-O-O Nf5 19. Qf4 Nxh4 20. Qxh4 Ba6
21. Nd4 Rac8 22. Kb2 c5 23. Rhg1 Qe4 24. Qxe4 cxd4 25. Bxd5+ Kh8 26. Qe7 g6 27.
Rxg6 hxg6 28. Rxd4 Be2 29. f3 Bxf3 30. Bxf3 1-0

[Event "Michigan Action"]
[Site "Detroit, MI"]
[Date "1997.12.14"]
[Round "2"]
[White "Boyle, John"]
[Black "Baze, Lineas"]
[Result "1/2-1/2"]
[WhiteElo "1605"]
[BlackElo "2120"]
[PlyCount "53"]
[EventDate "1997.12.14"]

1. d4 Nf6 2. Bg5 Ne4 3. Bf4 c5 4. d5 Qb6 5. Qc1 Na6 6. f3 Nf6 7. e4 g6 8. c4
Bg7 9. Nc3 d6 10. a3 Nd7 11. Rb1 Ne5 12. Be2 Qb3 13. Nb5 Nd3+ 14. Bxd3 Qxd3 15.
b3 Bd7 16. Qd1 Qxd1+ 17. Kxd1 O-O 18. Ne2 Rfc8 19. Kd2 Nc7 20. Nxc7 Rxc7 21.
Nc3 Rcc8 22. Rhe1 Bxc3+ 23. Kxc3 f6 24. Bg3 b5 25. f4 a5 26. e5 fxe5 27. fxe5
1/2-1/2

[Event "Michigan Action"]
[Site "Detroit, MI"]
[Date "1997.12.14"]
[Round "6"]
[White "Berry, DeMarcus"]
[Black "Ohlemacher, Scott"]
[Result "0-1"]
[WhiteElo "1605"]
[BlackElo "1605"]
[PlyCount "56"]
[EventDate "1997.12.14"]

1. e4 c5 2. d4 cxd4 3. c3 dxc3 4. Nxc3 Nc6 5. Nf3 d6 6. Bc4 Bg4 7. Be3 Nf6 8.
O-O g6 9. Qd2 Bxf3 10. gxf3 Ne5 11. Be2 Bg7 12. Bh6 O-O 13. Bxg7 Kxg7 14. Nd5
Nxd5 15. Qxd5 b6 16. f4 e6 17. Qd4 Rc8 18. fxe5 Qg5+ 19. Kh1 dxe5 20. Qd3 Rfd8
21. Qg3 Qxg3 22. hxg3 Rd2 23. Bf3 Rxb2 24. Kg2 Rcc2 25. a3 Ra2 26. Rxa2 Rxa2
27. Rb1 Rxa3 28. Kf1 Rxf3 0-1

[Event "Michigan Action"]
[Site "Detroit, MI"]
[Date "1997.12.14"]
[Round "2"]
[White "Berry, DeMarcus"]
[Black "Councell, Keith"]
[Result "1-0"]
[WhiteElo "1605"]
[BlackElo "1605"]
[PlyCount "43"]
[EventDate "1997.12.14"]

1. e4 c6 2. d4 d5 3. Nc3 Nf6 4. e5 Ne4 5. Bd3 Nxc3 6. bxc3 e6 7. Nf3 Nd7 8. O-O
c5 9. Re1 c4 10. Bf1 Qa5 11. Bd2 b5 12. Qe2 Ba3 13. Reb1 a6 14. Qe3 Nb6 15. Qg5
g6 16. Qf6 Rf8 17. Bg5 Bd7 18. Bd2 Qa4 19. Bg5 Qxc2 20. Rb4 Bxb4 21. cxb4 Nc8
22. Qd8# 1-0

[Event "Michigan Action"]
[Site "Detroit, MI"]
[Date "1997.12.14"]
[Round "1"]
[White "Baze, Lineas"]
[Black "Mahabir, Naresh"]
[Result "1-0"]
[WhiteElo "2120"]
[BlackElo "1605"]
[PlyCount "96"]
[EventDate "1997.12.14"]

1. e4 e5 2. Nf3 Nc6 3. Nc3 Bc5 4. Bb5 Nf6 5. O-O d6 6. d4 exd4 7. Nxd4 Bd7 8.
Bxc6 Bxc6 9. Nxc6 bxc6 10. Bg5 O-O 11. Na4 Bb6 12. Nxb6 axb6 13. Qf3 Qe7 14.
Rfe1 Ra5 15. Bxf6 Qxf6 16. Qxf6 gxf6 17. a3 Re8 18. Kf1 Kg7 19. Re2 f5 20. Rae1
fxe4 21. Rxe4 Rae5 22. Rxe5 Rxe5 23. Rd1 f5 24. Rd3 Kf6 25. Rh3 Kg6 26. Rg3+
Kf7 27. Rh3 Kg6 28. Rg3+ Kf7 29. a4 c5 30. Ra3 Kf6 31. Rh3 Kg6 32. Rg3+ Kf7 33.
Ra3 Kf6 34. f4 Re4 35. g3 Rb4 36. b3 Re4 37. Kf2 h5 38. a5 bxa5 39. Rxa5 Ke6
40. Ra8 Rd4 41. Ke2 Re4+ 42. Kf3 d5 43. Rh8 Kd7 44. Rxh5 Ke6 45. Rh6+ Kd7 46.
Rf6 Rd4 47. Ke3 Re4+ 48. Kd3 Rd4+ 1-0

[Event "Michigan Action"]
[Site "Detroit, MI"]
[Date "1997.12.14"]
[Round "6"]
[White "Baze, Lineas"]
[Black "Finegold, Ben"]
[Result "0-1"]
[WhiteElo "2120"]
[BlackElo "2600"]
[PlyCount "68"]
[EventDate "1997.12.14"]

1. e4 c5 2. Nf3 Nc6 3. d4 cxd4 4. Nxd4 Nf6 5. Nc3 d6 6. Be2 e5 7. Nb3 Be7 8.
O-O Be6 9. Be3 O-O 10. f3 a5 11. a4 Nb4 12. Kh1 Rc8 13. Rc1 d5 14. exd5 Nbxd5
15. Nxd5 Nxd5 16. Bd2 b6 17. Bd3 Nb4 18. Bxb4 axb4 19. Nd2 Qd4 20. b3 Rfd8 21.
Qe2 Bg5 22. Rcd1 Bxd2 23. Rxd2 g6 24. Rfd1 Qh4 25. Ba6 Rxd2 26. Qxd2 Rc5 27.
Qe2 Kg7 28. Bb5 Qf4 29. Kg1 h5 30. g3 Qg5 31. Qd2 Qf5 32. Qxb4 Qxf3 33. Qd2 Rd5
34. Bc6 Qxd1+ 0-1

[Event "Michigan Action"]
[Site "Detroit, MI"]
[Date "1997.12.14"]
[Round "6"]
[White "Bainbridge, Chris"]
[Black "Powell, Antione"]
[Result "1-0"]
[WhiteElo "1605"]
[BlackElo "1605"]
[PlyCount "39"]
[EventDate "1997.12.14"]

1. e4 g6 2. Nf3 d6 3. Bc4 e6 4. d4 Nf6 5. e5 dxe5 6. Nxe5 Bg7 7. Qf3 O-O 8. c3
Bd7 9. Nd2 Nc6 10. Nxd7 Qxd7 11. O-O e5 12. d5 Na5 13. Re1 Rfe8 14. Ne4 Qd8 15.
Bg5 Rf8 16. Nxf6+ Bxf6 17. Bxf6 Qd7 18. Bd3 c6 19. Bxe5 cxd5 20. Qf6 1-0

[Event "Michigan Action"]
[Site "Detroit, MI"]
[Date "1997.12.14"]
[Round "4"]
[White "Bainbridge, Chris"]
[Black "Chrzan, Bryan"]
[Result "1/2-1/2"]
[WhiteElo "1605"]
[BlackElo "1605"]
[PlyCount "43"]
[EventDate "1997.12.14"]

1. e4 e5 2. Nf3 Nc6 3. d4 exd4 4. Nxd4 Nge7 5. Bc4 d6 6. O-O g6 7. Qf3 d5 8.
exd5 Ne5 9. Qf6 Nxc4 10. Qxh8 Qxd5 11. Nc3 Qe5 12. Qxe5 Nxe5 13. Bf4 Bg7 14.
Rfe1 Nf3+ 15. Nxf3 Bg4 16. Nb5 O-O-O 17. Rxe7 Bxb2 18. Rae1 a6 19. Na7+ Kb8 20.
Re8 Rxe8 21. Rxe8+ Kxa7 22. Be3+ {[Remainder illegible]} 1/2-1/2

[Event "U.S. Amateur North"]
[Site "Detroit, MI"]
[Date "1998.??.??"]
[Round "?"]
[White "al-Shareef, Robert"]
[Black "Seppala, Travis"]
[Result "1-0"]
[WhiteElo "1685"]
[BlackElo "1605"]
[PlyCount "120"]
[EventDate "1998.05.??"]

{5/23} 1. e4 d5 2. exd5 Qxd5 3. Nc3 Qa5 4. d4 Nf6 5. Bd2 e5 6. Qe2 Bb4 7. dxe5
Ng4 8. Nf3 Bc5 9. Ne4 Qb6 10. Nxc5 Qxc5 11. Qb5+ Nd7 12. Qxc5 Nxc5 13. h3 Nh6
14. Nd4 Bd7 15. Nb5 O-O-O 16. Nxa7+ Kb8 17. Nb5 Bxb5 18. Bxb5 c6 19. Be2 Ne4
20. Bf4 g5 21. Bh2 Ka8 22. Bd3 Nc5 23. O-O-O b5 24. Rhe1 Rd5 25. Be4 Rxd1+ 26.
Kxd1 Na4 27. Bxc6+ Ka7 28. Bxb5 Nxb2+ 29. Kc1 Rb8 30. a4 Nxa4 31. Bxa4 Nf5 32.
e6 Rb7 33. exf7 Rxf7 34. f3 Nh4 35. Bg1+ Ka6 36. Bb3 Rf6 37. Re6+ Rxe6 38. Bxe6
Nxg2 39. c4 Ne1 40. Bd5 Nd3+ 41. Kd2 Ne5 42. Kc3 h5 43. Bd4 Nd7 44. Be6 Nb8 45.
c5 Nc6 46. Bf6 Na7 47. Bxg5 Nb5+ 48. Kb4 Nd4 49. Bc4+ Kb7 50. f4 Nc6+ 51. Ka4
Nd4 52. h4 Nf3 53. Bd5+ Kc7 54. Bxf3 Kd7 55. c6+ Kc7 56. Kb5 Kc8 57. Kb6 Kb8
58. Bxh5 Kc8 59. Bg4+ Kb8 60. c7+ Ka8 1-0

[Event "Michigan Open Reserve"]
[Site "Flint, MI"]
[Date "1998.??.??"]
[Round "?"]
[White "al-Shareef, Robert"]
[Black "Moore, Robert"]
[Result "1-0"]
[WhiteElo "1770"]
[BlackElo "1610"]
[PlyCount "79"]
[EventDate "1998.09.??"]

1. Nf3 Nf6 2. d4 d6 3. Nc3 g6 4. e4 Bg7 5. Be2 O-O 6. h3 Nbd7 7. Be3 e5 8. Qd2
Re8 9. dxe5 Nxe5 10. O-O-O Nc6 11. Bg5 Be6 12. Nd5 Bxd5 13. exd5 Ne5 14. Rhe1
Nxf3 15. Bxf3 Qd7 16. Qf4 Qf5 17. Qxf5 gxf5 18. c4 Nd7 19. Re3 Rxe3 20. Bxe3
Be5 21. Kc2 Bf6 22. b4 a5 23. a3 axb4 24. axb4 Ne5 25. Bd4 Kg7 26. Kb3 Kg6 27.
Be2 Nd7 28. Bxf6 Nxf6 29. Rd4 Ra1 30. Bd3 Re1 31. Rf4 Re5 32. Rxf5 Rxf5 33. g4
Kg5 34. Bxf5 h6 35. Kc3 Kh4 36. Kd4 Kxh3 37. g5+ Kg2 38. gxf6 h5 39. Ke3 h4 40.
Kf4 1-0

[Event "U.S. Amateur North"]
[Site "Detroit, MI"]
[Date "1998.??.??"]
[Round "?"]
[White "al-Shareef, Robert"]
[Black "Kyser, Bob"]
[Result "1-0"]
[WhiteElo "1685"]
[BlackElo "1605"]
[PlyCount "89"]
[EventDate "1998.05.??"]

{5/23} 1. Nf3 d6 2. d4 Bg4 3. c4 Nd7 4. Qb3 b6 5. h3 Bf5 6. Nc3 c5 7. e4 cxd4
8. Nxd4 Nc5 9. Qc2 Bg6 10. b4 e5 11. Nf3 Nb7 12. Nd5 Ne7 13. Qa4+ Qd7 14. Nc7+
Kd8 15. Qxd7+ Kxd7 16. Nxa8 Bxe4 17. Ng5 Bg6 18. Be3 Nf5 19. Bxb6 axb6 20.
Nxb6+ Kc6 21. Nd5 f6 22. Ne4 Nd4 23. Bd3 f5 24. Nec3 e4 25. Bb1 Bf7 26. a4 g6
27. O-O Bg7 28. Ra3 Ne6 29. a5 Bxc3 30. Rxc3 Nc7 31. Nxc7 Kxc7 32. a6 Nd8 33.
Bc2 Nc6 34. b5 Na5 35. Bb3 Nxb3 36. Rxb3 Bxc4 37. Rc1 d5 38. b6+ Kb8 39. Ra3
Rc8 40. Rb1 Rc5 41. a7+ Kc8 42. a8=Q+ Kd7 43. Ra7+ Ke6 44. Qe8+ Kf6 45. Qe7#
1-0

[Event "Michigan Class B"]
[Site "Grand Rapids, MI"]
[Date "1998.??.??"]
[Round "?"]
[White "al-Shareef, Robert"]
[Black "King, Edwin"]
[Result "0-1"]
[WhiteElo "1720"]
[BlackElo "1640"]
[PlyCount "68"]
[EventDate "1998.01.??"]

1. e4 d5 2. exd5 Nf6 3. d4 Bg4 4. Be2 Bxe2 5. Qxe2 Qxd5 6. Nf3 Nc6 7. Be3 O-O-O
8. O-O e6 9. c4 Qh5 10. Nc3 Be7 11. a3 Qg6 12. Rfd1 Qf5 13. b4 Ne4 14. Nxe4
Qxe4 15. b5 Na5 16. c5 b6 17. cxb6 cxb6 18. Ne5 Rhf8 19. f3 Qb7 20. Rac1+ Kb8
21. Nc6+ Nxc6 22. Bf4+ Bd6 23. bxc6 Qc7 24. Bxd6 Rxd6 25. Qb5 Rc8 26. Qe5 f6
27. Qf4 Rcd8 28. Rc4 e5 29. Qg4 Rxd4 30. Rdxd4 Rxd4 31. Rxd4 exd4 32. Qe6 Qe5
33. Qg8+ Kc7 34. Qxh7 Qe1# 0-1

[Event "Michigan Open Reserve"]
[Site "Flint, MI"]
[Date "1998.??.??"]
[Round "?"]
[White "al-Shareef, Robert"]
[Black "Jointer, William"]
[Result "1-0"]
[WhiteElo "1770"]
[BlackElo "1605"]
[PlyCount "87"]
[EventDate "1998.09.??"]

1. d4 Nf6 2. Nf3 g6 3. c4 Bg7 4. Nc3 d5 5. e3 O-O 6. Be2 dxc4 7. Bxc4 Bg4 8. h3
Bf5 9. Ne5 Nbd7 10. Nxf7 Rxf7 11. Qb3 e6 12. g4 Nxg4 13. e4 Bxd4 14. hxg4 Bxf2+
15. Kxf2 Nc5 16. gxf5 Nxb3 17. Bxb3 Kg7 18. Bxe6 Rf8 19. Bh6+ Kf6 20. e5+ Kxe5
21. Bg7+ Kf4 22. Nd5+ Qxd5 23. Bxd5 Rxf5 24. Bf3 h5 25. Rad1 Rc5 26. Rd4+ Kf5
27. Rd5+ Rxd5 28. Bxd5 c6 29. Bf7 Rd8 30. Ke3 Rd6 31. Rf1+ Kg5 32. Be5 Rd7 33.
Be6 Rd8 34. Bf6+ Kh6 35. Bxd8 b5 36. Rf7 c5 37. Kf4 g5+ 38. Bxg5+ Kg6 39. Rf6+
Kg7 40. Kf5 h4 41. Bh6+ Kh7 42. Bg8+ Kxg8 43. Kg6 h3 44. Rf8# 1-0

[Event "U.S. Amateur North"]
[Site "Detroit, MI"]
[Date "1998.??.??"]
[Round "?"]
[White "al-Shareef, Robert"]
[Black "Guo, Josh"]
[Result "1-0"]
[WhiteElo "1685"]
[BlackElo "2080"]
[PlyCount "65"]
[EventDate "1998.05.??"]

{5/24} 1. Nf3 Nf6 2. d4 c5 3. d5 d6 4. c4 b5 5. Qc2 g6 6. e4 Bg7 7. cxb5 a6 8.
Na3 O-O 9. Bd3 Nbd7 10. O-O Ng4 11. Ng5 h6 12. Nh3 Nge5 13. Be2 Nf6 14. f4 Neg4
15. Qa4 Bd7 16. Qc2 axb5 17. Nxb5 Qb6 18. Nc3 Rfb8 19. Bc4 Ne8 20. Qe2 Nc7 21.
a4 h5 22. Ng5 Qb4 23. h3 Bd4+ 24. Kh1 Nh6 25. Ra3 Bxa4 26. Nxa4 Rxa4 27. Rb3
Qxb3 28. Bxb3 Rxb3 29. f5 Bf6 30. fxg6 fxg6 31. Qc2 Rbb4 32. e5 Bxg5 33. Qxg6+
1-0

[Event "Michigan Beginners"]
[Site "Grand Rapids, MI"]
[Date "1998.??.??"]
[Round "?"]
[White "Zulauf, M."]
[Black "Pleasant, Andrew"]
[Result "0-1"]
[WhiteElo "1605"]
[BlackElo "1605"]
[PlyCount "120"]
[EventDate "1998.01.??"]

1. d4 d5 2. c4 e6 3. Nf3 Nc6 4. e3 Nf6 5. Ne5 Bd7 6. c5 Nxe5 7. dxe5 Ne4 8. Bd3
Nxc5 9. O-O Be7 10. b3 O-O 11. Ba3 Nxd3 12. Bxe7 Qxe7 13. Qxd3 a6 14. Qc2 Bc6
15. Nd2 f6 16. Nf3 Rad8 17. Nd4 Qd7 18. Nxc6 Qxc6 19. Qxc6 bxc6 20. Rfd1 fxe5
21. Rac1 Rd6 22. Rc5 Rb8 23. e4 Rb5 24. Rc2 Kf7 25. exd5 exd5 26. Re1 e4 27.
Rce2 Rc5 28. f3 Re6 29. fxe4 Kf6 30. Rf2+ Ke7 31. Rfe2 Kd6 32. g3 Rc3 33. Kg2
g5 34. Kh3 h5 35. e5+ Kd7 36. Rf1 g4+ 37. Kh4 Rf3 38. Rxf3 gxf3 39. Rf2 Rxe5
40. g4 hxg4 41. Kxg4 Re2 42. Kxf3 Rxf2+ 43. Kxf2 Ke6 44. Ke3 c5 45. Kd3 a5 46.
h4 Kf6 47. Kc3 Kg6 48. a3 Kh5 49. b4 cxb4+ 50. axb4 axb4+ 51. Kxb4 c6 52. Kc5
Kxh4 53. Kd4 Kg5 54. Kc5 Kf6 55. Kd4 Ke6 56. Kc5 Ke5 57. Kb4 Kd4 58. Kb3 c5 59.
Kc2 c4 60. Kd2 Ke4 0-1